| 000 | 01108nam a22003257a 4500 | ||
|---|---|---|---|
| 003 | CHAP | ||
| 005 | 20220329134225.0 | ||
| 008 | 971013s1978 r 00010 d | ||
| 010 | _a17215 | ||
| 011 | _a18187 | ||
| 035 | _a22272 | ||
| 040 | _cCHAP | ||
| 082 |
_a532 _bB55Y 1973 |
||
| 100 | 0 | 0 |
_aBinder, Raymond C. _912696 |
| 245 | _aMécanica de fluídos | ||
| 260 |
_aMéxico, D. F. : _bTrillas, _c1978 |
||
| 300 |
_a494 p. _b: ilus. ; gráfs. |
||
| 500 | _aTrad. de la 5 ed. en inglés de 1973 | ||
| 590 |
_aBATCH-UPD _b10 _c20130110 _lUCH01 _h0914 |
||
| 590 |
_aBATCH-UPD _b10 _c20130410 _lUCH01 _h0538 |
||
| 590 |
_aBATCH-UPD _b10 _c20130914 _lUCH01 _h1613 |
||
| 590 |
_aCONVERSION _b10 _c20130109 _lUCH01 _h1311 |
||
| 650 | 1 | 4 |
_aHidráulica. _955219 |
| 650 | 1 | 4 |
_aMecánica de fluídos. _973821 |
| 901 | _aBK | ||
| 942 | _cLIBRO | ||
| 949 |
_a532 B55Y 1973 _bBC _cLIBRO _d33724000393864 _eLIBRO _fc.2 _h49983 _i22272 _si _t160.00 |
||
| 949 |
_a532 B55Y 1973 _bBC _cLIBRO _d33724000393872 _eLIBRO _fc.3 _h75430 _i22272 _si _t12.50 |
||
| 949 |
_a532 B55Y 1973 _bBC _cLIBRO _d33724000720603 _eLIBRO _h49982 _i22272 _si _t160.00 |
||
| 999 |
_c17215 _d17215 |
||